| 000 | 00527nam a22001937a 4500 | ||
|---|---|---|---|
| 003 | CEME | ||
| 005 | 20210628203217.0 | ||
| 008 | 210122b xxu||||| |||| 00| 0 eng d | ||
| 020 | _a0-07-463180-2 | ||
| 040 | _c. | ||
| 082 | _a670 RAO | ||
| 100 |
_aRao, P.N _931502 |
||
| 245 | _aManufacturing technology.vol-i, foundry,forming and welding | ||
| 250 | _a2ND | ||
| 260 |
_aDELHI _bTATA MCGRAW HILL _c2007 |
||
| 300 | _aXVI,472P | ||
| 650 |
_aMANUFACTURING TECHNOLOGY.FOUNDRY,FORMING AND WELDING _964003 |
||
| 942 |
_cBK _2ddc |
||
| 999 |
_c572659 _d572659 |
||